01220nam a2200301 a 4500001000400000003001000004005001700014008004100031020001800072040002500090080001600115090001700131100002900148245013300177260003800310300002000348490007300368504002500441650002700466650002500493650004200518650002100560830007000581942001200651952012100663952012100784999001300905400BR-CuiBMT20231129140406.0230914s2012 mgb 000 0 por d a9788577006311 aBR-CuiBMTcBR-CuiBMT a342.922007 a342.9bR696d1 aRodríguez-Arana, Jaime10aDireito fundamental à boa administração pública /cJaime Rodrígues-Aranha Muñoz ; Daniel Wunder Hachem tradução. aBelo Horizonte :bFórum,c2012. a199 p. ;c22 cm1 aColeção Fórum eurolatinoamericana de direito público ;vv. 1 aInclui bibliografia. aDireito administrativo aCiência política aAdministração públicaxControle aTeoria do estado 0aColeção Fórum eurolatinoamericana de direito público ;v1 2udccLV 00102udc4070aBIBTCEMTbBIBTCEMTd2019-08-12l0o342.9 M967dpBIBTCEMT23110119r2023-11-03tEx. 1w2023-11-03yLV 00102udc4070aBIBTCEMTbBIBTCEMTd2023-11-23l0o342.9 M967dpBIBTCEMT23110922r2023-11-23tEx. 2w2023-11-23yLV c400d400